000 00788nam a2200241Ia 4500
003 OSt
005 20220923212445.0
006 a|||||r|||| 00| 0
007 ta
008 220922b |||||||| |||| 00| 0 hin d
024 _a153,165
037 _cTextual
040 _aARTS
_cARTS
_bhin
041 _2hin
_ahin
082 _aNT44, 152N4
100 _aशर्मा, ओमप्रकाश
245 0 _aस्वातंत्र्योत्तर हिन्दी रगं मंच
246 _aSvātantryottar hindī ragan hincha
260 _aकानपूर
_b अतुल प्रकाशन
_c1994
300 _a434 पृ.
_ccm.
942 _hNT44, 152N4
_cTEXL
_2CC
999 _c308813
_d308813